000 00256nam a22001097a 4500
008 230703b xxu||||| |||| 00| 0 eng d
082 _a342.676
_bUGA
245 _aConstitution of the republic of Uganda
260 _c1995
300 _a196p
942 _2ddc
_cBK
999 _c3427
_d3427